| 000 | 00351nam a2200145Ia 4500 | ||
|---|---|---|---|
| 008 | 230917s9999||||xx |||||||||||||| ||und|| | ||
| 040 |
_e138506 _aMAIN |
||
| 041 | _aEnglish | ||
| 082 | _a822.33 S15H | ||
| 100 | _aShakespeare, William | ||
| 245 | 0 | _aHamlet | |
| 260 |
_aGreat Britain _bWordsworth classics _c1992 |
||
| 300 | _a191p p. | ||
| 942 | _cBK | ||
| 999 |
_c143670 _d143670 |
||